000 00814nas a2200277 4500
001 BR8204751
003 BR-BrBNA
005 20231205085226.0
007 ta
008 230509b bl.|||p| |||| 00| 00por d
040 _aBR-BrBNA
_bpor
_cBiblioteca Nacional de Agricultura
041 _a(Pt)
072 _aH10
100 1 _aFerreira, E.
100 1 _aGuazzelli, R.J.
245 1 _aComo controlar cigarrinhas das pastagens em arrozais [Goias, Brasil]
650 _aCIGARRINHA DAS PASTAGENS
650 _aCONTROLE QUIMICO
650 _aINSETICIDA SISTEMICO
650 _aARROZ
650 _aGOIAS
650 _aINSETICIDA FOSFORADO
773 0 _tDirigente Rural (Brazil)
_xISSN 0012-3909
_g(Jul 1982), v. 21(7) p. 18-19
_wBR8204751
909 _a202311
_bLúcia
_c55
_dLúcia Elande
942 _2AGRIS
_n0
_cANA
999 _c110095
_d110095